|
|
|
|
| LEADER |
00000naa2a2200000 4500 |
| 001 |
234426 |
| 005 |
20260203090806.0 |
| 035 |
|
|
|a (RuTPU)RU\TPU\book\255549
|
| 035 |
|
|
|a RU\TPU\book\255548
|
| 090 |
|
|
|a 234426
|
| 100 |
|
|
|a 20130325d2011 k y0rusy50 ca
|
| 101 |
0 |
|
|a rus
|
| 102 |
|
|
|a RU
|
| 135 |
|
|
|a drnn ---uucaa
|
| 181 |
|
0 |
|a i
|
| 182 |
|
0 |
|a b
|
| 200 |
1 |
|
|a Спекание корундовой керамики с добавками
|f М. В. Грехова
|g науч. рук. В. М. Погребенков
|
| 203 |
|
|
|a Текст
|c электронный
|
| 225 |
1 |
|
|a Материаловедение
|
| 300 |
|
|
|a Заглавие с титульного экрана
|
| 320 |
|
|
|a [Библиогр.: с. 130 (7 назв.)]
|
| 337 |
|
|
|a Adobe Reader
|
| 461 |
|
1 |
|0 (RuTPU)RU\TPU\book\255301
|t Современные техника и технологии
|o сборник трудов XVII международной научно-практической конференции студентов, аспирантов и молодых ученых, Томск, 18-22 апреля 2011 г
|o в 3 т.
|f Национальный исследовательский Томский политехнический университет (ТПУ)
|d 2011
|
| 463 |
|
1 |
|0 (RuTPU)RU\TPU\book\255307
|t Т. 2
|v [С. 129-130]
|d 2011
|
| 610 |
1 |
|
|a труды учёных ТПУ
|
| 610 |
1 |
|
|a электронный ресурс
|
| 610 |
1 |
|
|a спекание
|
| 610 |
1 |
|
|a корундовая керамика
|
| 610 |
1 |
|
|a добавки
|
| 610 |
1 |
|
|a материалы
|
| 700 |
|
1 |
|a Грехова
|b М. В.
|
| 702 |
|
1 |
|a Погребенков
|b В. М.
|c химик-технолог
|c профессор Томского политехнического университета, доктор технических наук
|f 1954-
|g Валерий Матвеевич
|3 (RuTPU)RU\TPU\pers\26404
|4 727
|
| 801 |
|
2 |
|a RU
|b 63413507
|c 20130416
|g RCR
|
| 856 |
4 |
|
|u http://www.lib.tpu.ru/fulltext/c/2011/C01/V02/061.pdf
|
| 942 |
|
|
|c CF
|